00690nam a2200217 a 450000100100000000500170001000800410002702000150006804000250008308200240010810000290013224500430016125000110020426000530021530000330026849000440030158600350034565000220038065000260040283000440042800002286420200930021837.0101119s1980 sp r 000 f spa d a8432053589 aDO-SdBNPbspacBNPHU a863.64bT676d, 19801 aTorbado, Jesús,d1943-10aEn el día de hoy /cJesús Torbado. a9a ed. aBarcelona, España :bEditorial Planeta,c1980. a361, [362], [4] p. ;c19 cm.1 aAutores Españoles e Hispanoamericanos aPremio Editorial Planeta, 1976 4aNovela española 4aLiteratura española 0aAutores Españoles e Hispanoamericanos